| 000 | 00606nam a2200181 a 4500 | ||
|---|---|---|---|
| 008 | 070214s2004 ||||||||||||||||| || u | ||
| 020 | _a0748785515 | ||
| 050 | _aTA 145 God | ||
| 100 | _aGodfrey, Neil | ||
| 245 | 1 | 0 | _aEngineering |
| 260 |
_aCheltenham _bNelson Thornes _c2004 |
||
| 300 | _ax, 286p.;ill. | ||
| 350 | _a0.00 | ||
| 650 | _aENGINEERING | ||
| 650 | _aENGINEERING--PROBLEMS, EXERCISES, ETC | ||
| 700 | _aWallis, Steve | ||
| 995 |
_D0.00 _FCBU-MAIN LIBRARY (Kitwe) _H1 _I0.00 _M1 _UAVAILABLE _WFeb 14, 2007 _ZMain Library Open Access Collection |
||
| 999 |
_c41915 _d41915 |
||